| 000 | 00459nam a22001697a 4500 | ||
|---|---|---|---|
| 999 |
_c10583 _d10583 |
||
| 003 | OSt | ||
| 008 | 210326b ||||| |||| 00| 0 eng d | ||
| 020 | _a9788177585414 | ||
| 082 | _a540FIC | ||
| 100 | _aFINAR,I.L. | ||
| 245 |
_aOrganic Chemistry _bVolume 2 : Stereo chemistry and the chemistry natural products |
||
| 250 | _a5th | ||
| 260 |
_aNew Delhi _bPearson _c2020 |
||
| 300 | _a956 | ||
| 650 | _aPharmaceutical Organic Chemisty | ||
| 942 |
_2ddc _cBK _02 |
||